000 00819nam a2200217 4500
001 143690
003 ES-MaACL
005 20251220172720.0
007 t|
008 070214s1956 sp r ||||1| spa d
100 1 _aSetién, José María.
_9105897
245 1 0 _aDiscurso inaugural pronunciado en la solemne apertura del curso académico 1956-57 /
_cpor el Dr. D. José María Setién Alberro.
260 _aVitoria :
_b[s. n.],
_c1956 (
_fImp. del Montepío Diocesano)
300 _a144 p. ;
_c21 cm.
500 _aPrecede al tít.: Seminario Diocesano de Vitoria, Institutos Seculares para el Clero Diocesano.
655 4 _9226841
_aDiscursos
710 2 0 _aSeminario Diocesano de Vitoria
_9209764
852 _aES-MaACL
_bR.41003
_9148878
_cSPAL
_jC-12406
942 _2udc
999 _c143690
_d143690